Províncias da China - Statistics

Estatísticas Gerais
  • Esse quiz foi jogado 1 131 vezes
  • A pontuação média é 15 de 33
Respostas no mapa
Respostas codificadas por cores de uma escala verde-vermelha no mapa do quiz de acordo com a % correta abaixo.
 
Estatísticas das Respostas
Tipo Province % Correto
Cidade Administrativa Pequim
85%
Região Autônoma Tibete
84%
Região Administrativa Especial Hong Kong
79%
Região Autônoma Mongólia Interior
73%
Região Administrativa Especial Macau
72%
Cidade Administrativa Xangai
72%
Região Autônoma Xinjiang
59%
Província Guangdong
52%
Província Hubei
46%
Província Hainan
45%
Província Hebei
45%
Província Gansu
44%
Província Henan
44%
Província Fujian
43%
Província Yunnan
43%
Província Hunan
41%
Província Jilin
40%
Província Shanxi
40%
Cidade Administrativa Chongqing
39%
Província Shaanxi
39%
Província Sichuan
39%
Província Anhui
38%
Província Heilongjiang
38%
Região Autônoma Guangxi
37%
Região Autônoma Ningxia
37%
Província Qinghai
37%
Província Shandong
36%
Cidade Administrativa Tianjin
36%
Província Liaoning
32%
Província Jiangsu
31%
Província Guizhou
30%
Província Jiangxi
30%
Província Zhejiang
30%
Nenhum quiz correspondente encontrado
Distribuição das Pontuações
Porcentagem de Pessoas com Cada Pontuação
Percentil de Números Respondidos
Sua Pontuação Histórica
Você não jogou esse quiz